| 000 | 01075 a2200277 4500 | ||
|---|---|---|---|
| 999 |
_c10598 _d10598 |
||
| 020 | _a9780415540360 (hardback) | ||
| 020 | _a9780415540384 (paperback) | ||
| 050 | 0 | 0 | _aHV9345. BUR2015 |
| 100 | 1 |
_aBurke, Lol. _eauthor |
|
| 245 | 1 | 0 |
_aDelivering rehabilitation : _bthe politics, governance and control of probation / _cLol Burke and Steve Collett. |
| 264 | 1 |
_aLondon ; _aNew York : _bRoutledge, Taylor & Francis Group, _c2015. |
|
| 300 | _axi, 200 pages ; | ||
| 336 |
_atext _2rdacontent |
||
| 337 |
_aunmediated _2rdamedia |
||
| 338 |
_avolume _2rdacarrier |
||
| 500 | _aIncludes bibliographical references and index. | ||
| 504 | _aIncludes bibliographical references and index. | ||
| 650 | 0 | _aProbation | |
| 650 | 0 |
_aCriminals _xRehabilitation |
|
| 650 | 0 | _aRehabilitation | |
| 650 | 7 | _aSOCIAL SCIENCE / General. | |
| 650 | 7 | _aSOCIAL SCIENCE / Criminology. | |
| 700 | 1 |
_aCollett, Steve. _eauthor |
|
| 942 |
_2lcc _cBK _h9345 _iBUR _kHV |
||